Mega-Evolutions Pokemon #1 - Statistiques

Statistiques générales
  • Ce quiz a été pris 71 fois
  • Le résultat moyen est 14 sur 15
Statistiques - réponses
Question Réponse % Correct
Deoxys Non
100%
Nidoking Non
100%
Bétochef Non
100%
Braségali Oui
100%
Laggron Oui
100%
Lucario Oui
100%
Absol Oui
100%
Roucarnage Oui
100%
Junko Oui
100%
Rayquaza Oui
100%
Grolem Non
96%
Mackogneur Non
92%
Meganium Non
92%
Amphinobi Non
88%
Groudon Non
73%
Aucun quiz correspondant
Distribution des résultats
% des personnes avec chaque résultat
Percentile par nombre de réponses
Votre historique - résultats
Vous n’avez pas pris ce quiz